[Event "St Veit op 41st"]
[Site "St Veit"]
[Date "2022.07.15"]
[Round "8"]
[White "Schein, Karl Heinz"]
[Black "Higatsberger, Michael"]
[Result "1/2-1/2"]
[WhiteElo "2167"]
[BlackElo "2021"]
[PlyCount "73"]
[EventDate "2022.07.09"]
[EventType "swiss"]
[EventRounds "9"]
[EventCountry "AUT"]
[SourceTitle "CBM 209 Extra"]
[Source "ChessBase"]
[SourceDate "2022.09.30"]
[SourceVersion "1"]
[SourceVersionDate "2022.09.30"]
[SourceQuality "1"]

1. d4 d5 2. c4 e6 3. Nc3 c5 4. cxd5 exd5 5. Nf3 Nc6 6. dxc5 d4 7. Na4 Bxc5 8. Nxc5 Qa5+ 9. Bd2 Qxc5 10. Rc1 Qb6 11. e3 Nf6 12. Bc4 dxe3 13. Bxe3 Qb4+ 14. Qd2 Qxd2+ 15. Nxd2 0-0 16. 0-0 Be6 17. Bxe6 fxe6 18. Nc4 Rfd8 19. Rfd1 Rxd1+ 20. Rxd1 Nd5 21. Kf1 Rd8 22. Ke2 b5 23. Na3 a6 24. Nc2 Rc8 25. Ne1 Ncb4 26. a3 Nc2 27. Nxc2 Rxc2+ 28. Rd2 Rc4 29. Kd3 Kf7 30. g3 Ke7 31. Bd4 g6 32. Re2 Rc1 33. Rc2 Rxc2 34. Kxc2 Kd6 35. Kd3 e5 36. Ba7 Nf6 37. f4 1/2-1/2

[Event "EU-ch Online U2300 Qual"]
[Site "Chess.com INT"]
[Date "2020.05.25"]
[Round "3"]
[White "Dorokhin, Mykhailo"]
[Black "Schein, Karl Heinz"]
[Result "1-0"]
[WhiteElo "2299"]
[BlackElo "2187"]
[PlyCount "109"]
[EventDate "2020.05.25"]
[EventType "swiss"]
[EventRounds "8"]
[EventCountry "NET"]
[SourceTitle "EXT 2021"]
[Source "ChessBase"]
[SourceDate "2020.10.23"]
[SourceVersion "1"]
[SourceVersionDate "2020.10.23"]
[SourceQuality "1"]

1. e4 c5 2. Nc3 Nc6 3. d3 g6 4. Be3 Nd4 5. Nce2 Bg7 6. c3 Nxe2 7. Bxe2 b6 8. h4 h5 9. Nf3 Bb7 10. a4 Nf6 11. Qb3 0-0 12. a5 d5 13. a6 Bc8 14. Ng5 e6 15. 0-0 Ng4 16. Bc1 Rb8 17. exd5 exd5 18. Bf4 Be5 19. Bxe5 Nxe5 20. d4 Nc6 21. Bf3 c4 22. Qd1 Kg7 23. Re1 Bf5 24. g4 hxg4 25. Bxg4 Bd3 26. Qf3 Ne7 27. Qf4 Nf5 28. Bxf5 Bxf5 29. Kg2 Qf6 30. Kg3 Rbe8 31. Re5 Be6 32. Qxf6+ Kxf6 33. Nh7+ Kg7 34. Nxf8 Rxf8 35. h5 gxh5 36. Rxh5 b5 37. Kf4 Kf6 38. b3 Rg8 39. bxc4 Rg4+ 40. Kf3 bxc4 41. Rh6+ Kf5 42. Rh5+ Kg6 43. Re5 Rh4 44. Re3 Rh3+ 45. Kf4 Rh2 46. f3 Kf6 47. Kg3 Rh3+ 48. Kg2 Rh4 49. Rb1 Kf5 50. Kg3 Rh8 51. Re5+ Kf6 52. Rb7 Ra8 53. Kf4 Bc8 54. Rc7 Bxa6 55. Rc6+ 1-0

[Event "EU-ch Online U2300 Qual"]
[Site "Chess.com INT"]
[Date "2020.05.25"]
[Round "2"]
[White "Schein, Karl Heinz"]
[Black "Sedykh, Mikhail"]
[Result "0-1"]
[WhiteElo "2187"]
[BlackElo "2119"]
[PlyCount "58"]
[EventDate "2020.05.25"]
[EventType "swiss"]
[EventRounds "8"]
[EventCountry "NET"]
[SourceTitle "EXT 2021"]
[Source "ChessBase"]
[SourceDate "2020.10.23"]
[SourceVersion "1"]
[SourceVersionDate "2020.10.23"]
[SourceQuality "1"]

1. Nf3 d5 2. g3 Nf6 3. Bg2 c5 4. d3 Nc6 5. 0-0 e5 6. Nbd2 Be7 7. e4 d4 8. Nc4 Qc7 9. a4 0-0 10. Bg5 Nd7 11. h4 b6 12. Qd2 f6 13. Nh2 fxg5 14. hxg5 Nd8 15. f4 exf4 16. gxf4 Ne6 17. e5 Bb7 18. Ng4 Bxg2 19. Kxg2 Qc6+ 20. Kg3 a6 21. Rf2 b5 22. Na5 Qc7 23. Rh1 Nxg5 24. fxg5 Nxe5 25. Nxe5 Qxe5+ 26. Kg2 Rxf2+ 27. Qxf2 Rf8 28. Qg3 Qe2+ 29. Kh3 Rf3 0-1

[Event "EU-ch Online U2300 Qual"]
[Site "Chess.com INT"]
[Date "2020.05.25"]
[Round "5"]
[White "Schein, Karl Heinz"]
[Black "Van Hoolandt, Patrick"]
[Result "0-1"]
[WhiteElo "2187"]
[BlackElo "2063"]
[PlyCount "68"]
[EventDate "2020.05.25"]
[EventType "swiss"]
[EventRounds "8"]
[EventCountry "NET"]
[SourceTitle "EXT 2021"]
[Source "ChessBase"]
[SourceDate "2020.10.23"]
[SourceVersion "1"]
[SourceVersionDate "2020.10.23"]
[SourceQuality "1"]

1. Nf3 d5 2. g3 c6 3. Bg2 Bg4 4. 0-0 Nd7 5. d3 e6 6. Nbd2 Bd6 7. b3 Ne7 8. Bb2 0-0 9. h3 Bh5 10. g4 Bg6 11. Nh4 f6 12. Nxg6 Nxg6 13. e3 Qe7 14. f4 Nh4 15. Qe1 Nxg2 16. Kxg2 f5 17. Nf3 fxg4 18. hxg4 e5 19. f5 e4 20. Nd4 Qg5 21. Qe2 Nf6 22. Ne6 Qh4 23. Rf4 Bxf4 24. exf4 Qxg4+ 25. Qxg4 Nxg4 26. Nxg7 h6 27. Kg3 Ne3 28. f6 Nxc2 29. Rg1 exd3 30. Ne6 Rfe8 31. f5 Kf7 32. Nc7 Rg8+ 33. Kf4 Rxg1 34. Nxa8 d2 0-1

[Event "AUT-ch Zwisch Internet"]
[Site "Playchess.com INT"]
[Date "2020.05.02"]
[Round "7"]
[White "Schein, Karl Heinz"]
[Black "Hechl, Gerald"]
[Result "1/2-1/2"]
[WhiteElo "2187"]
[BlackElo "2333"]
[PlyCount "64"]
[EventDate "2020.05.02"]
[EventType "swiss (blitz)"]
[EventRounds "13"]
[EventCountry "AUT"]
[SourceTitle "CBM 195 Extra"]
[Source "ChessBase"]
[SourceDate "2020.05.31"]
[SourceVersion "1"]
[SourceVersionDate "2020.05.31"]
[SourceQuality "1"]

1. d4 d6 2. e4 Nf6 3. Nc3 Nbd7 4. Nf3 e5 5. Bc4 Be7 6. g4 Nb6 7. Bb3 Bxg4 8. Rg1 c6 9. Bg5 Qd7 10. dxe5 dxe5 11. Qxd7+ Nbxd7 12. Nh4 Be6 13. 0-0-0 0-0-0 14. Nf5 Bxf5 15. exf5 Rhf8 16. f3 h6 17. Be3 Nh5 18. Ne4 Ndf6 19. Bxa7 Rxd1+ 20. Rxd1 Nxe4 21. fxe4 Bg5+ 22. Kb1 Nf6 23. Bc5 Rd8 24. Rxd8+ Kxd8 25. Bxf7 Nxe4 26. Bf8 Bf6 27. c3 Nd2+ 28. Kc2 Nf1 29. Kd3 Nxh2 30. Ke4 Nf1 31. Be6 Nd2+ 32. Ke3 Bg5+ 1/2-1/2

[Event "AUT-ch Zwisch Internet"]
[Site "Playchess.com INT"]
[Date "2020.05.02"]
[Round "5"]
[White "Schein, Karl Heinz"]
[Black "Kienboeck, Benjamin"]
[Result "1-0"]
[WhiteElo "2187"]
[BlackElo "1922"]
[PlyCount "139"]
[EventDate "2020.05.02"]
[EventType "swiss (blitz)"]
[EventRounds "13"]
[EventCountry "AUT"]
[SourceTitle "CBM 195 Extra"]
[Source "ChessBase"]
[SourceDate "2020.05.31"]
[SourceVersion "1"]
[SourceVersionDate "2020.05.31"]
[SourceQuality "1"]

1. d4 Nf6 2. c4 e6 3. Nf3 d5 4. cxd5 exd5 5. Nc3 c6 6. Bg5 Be7 7. e3 h6 8. Bh4 Bf5 9. Qb3 Qc8 10. Be2 Nbd7 11. 0-0 0-0 12. Rac1 Rd8 13. a3 Nf8 14. Ne5 Ng6 15. Nxg6 Bxg6 16. Na4 Re8 17. Nc5 Bxc5 18. dxc5 Ne4 19. Rfd1 Qd7 20. Bf3 Ng5 21. Bxg5 hxg5 22. Qc3 Be4 23. Rd4 Bxf3 24. gxf3 Qh3 25. e4 dxe4 26. fxe4 Qg4+ 27. Qg3 Qxg3+ 28. hxg3 Re7 29. f3 Rae8 30. g4 f6 31. Rcd1 Kf7 32. Kf2 Re5 33. b4 a5 34. Ke3 axb4 35. axb4 Ra8 36. R1d3 Ra1 37. Rd7+ Re7 38. Rxe7+ Kxe7 39. Kd4 Rb1 40. Kc4 Rc1+ 41. Kd4 Ke6 42. Rb3 Re1 43. b5 Rd1+ 44. Kc4 Rc1+ 45. Kb4 Ke5 46. bxc6 bxc6 47. Rd3 g6 48. Rd6 f5 49. gxf5 gxf5 50. exf5 Kxf5 51. Rxc6 Kf4 52. Rg6 Rb1+ 53. Kc4 Kxf3 54. Rxg5 Ke4 55. c6 Kf4 56. Rd5 Ke4 57. Rd2 Ke3 58. Rd7 Rc1+ 59. Kb5 Ke4 60. Kb6 Ke5 61. Kc7 Ke6 62. Rd2 Rc3 63. Kb7 Rb3+ 64. Kc8 Ke7 65. c7 Rb4 66. Re2+ Kd6 67. Kd8 Rh4 68. c8Q Rh8+ 69. Re8 Rxe8+ 70. Kxe8 1-0

[Event "Steyr Landesliga 1819"]
[Site "Austria"]
[Date "2019.02.09"]
[Round "8.3"]
[White "Schein, Karl Heinz"]
[Black "Dobay, Klaus"]
[Result "1/2-1/2"]
[WhiteElo "2179"]
[BlackElo "2068"]
[PlyCount "104"]
[EventDate "2018.10.06"]
[EventType "team-tourn"]
[EventRounds "11"]
[EventCountry "AUT"]
[SourceTitle "CBM 189 Extra"]
[Source "ChessBase"]
[SourceDate "2019.06.03"]
[SourceVersion "1"]
[SourceVersionDate "2019.06.03"]
[SourceQuality "1"]
[WhiteTeam "Leoben"]
[BlackTeam "Gratwein Strassengel"]
[WhiteTeamCountry "AUT"]
[BlackTeamCountry "AUT"]

1. e4 c6 2. Nc3 d5 3. Nf3 dxe4 4. Nxe4 Bg4 5. Bc4 e6 6. Ng3 Nf6 7. h3 Bxf3 8. Qxf3 Be7 9. 0-0 0-0 10. c3 Nbd7 11. d4 Qc7 12. Re1 Bd6 13. Bb3 b5 14. Bc2 c5 15. dxc5 Bxc5 16. Bf4 Bd6 17. Bxd6 Qxd6 18. Rad1 Qc5 19. Ne4 Qc7 20. Rd4 Nxe4 21. Bxe4 Rab8 22. Red1 Nf6 23. Bc2 Rfd8 24. Rxd8+ Rxd8 25. Rxd8+ Qxd8 26. Qc6 Qd7 27. Qxd7 Nxd7 28. Kf1 Kf8 29. Ke2 Ke7 30. Bd3 a6 31. a4 bxa4 32. Bxa6 Nc5 33. Bb5 Kd6 34. Ke3 e5 35. Be2 f6 36. Bd1 Kd5 37. Be2 h6 38. Bb5 g5 39. Be8 Kc4 40. Bf7+ Kb5 41. g4 Kc6 42. f3 Kb5 43. Bd5 Kb6 44. Kd2 Kb5 45. Kc2 Ka5 46. Bc6 Kb6 47. Be8 Ka5 48. Kd2 Kb6 49. Ke3 Ka5 50. Bc6 Kb6 51. Be8 Ka5 52. Kd2 Kb6 1/2-1/2